000 00332 a2200157 4500
001 57056
020 _a8516023249
040 _cAnchieta - Pituba
100 _aMachado, Ana Maria
240 1 0 _aAmigo é comigo
_lpor
245 1 0 _aAmigo é comigo
300 _a86
362 0 _a1999
650 4 _aLiteratura juvenil
942 _cBK
999 _c57056
_d57056